00913nam a22002657a 450000500170000000800410001701000100005801100100006803500100007809000100008810000270009824500630012550000120018850001160020059000410031659000410035759000420039865000310044065000490047170000230052070000370054390100070058094900430058799900170063020220817043111.0971010s r 00010 d a65710 a66682 a75323 aR-13700aArroyo, Gonzalo.97549 a·Qué son las empresas transnacionales agroalimentarias? a1992-69 aSobretiro de: Arroyo G. Agricultura y alimentos en América Latina. -- México, D. F. : UNAM, 1985. pp. 15-48 aBATCH-UPDb10c20130110lUCH01h0312 aBATCH-UPDb10c20130110lUCH01h1535 aCONVERSIONb10c20130109lUCH01h133614aAlimentosxAbastecimiento.14aEmpresas comerciales internacionales.9366530 aRama, Ruth.9937970 aRello Espinosa, Fernando.995841 aBK aR-137bZAcLIBROd-8264eTS1i75323si c65710d65710